New Orleans Pelicans Triple Double - Statistics

General Stats
  • This quiz has been taken 51 times
    3 since last reset
  • The average score is 10 of 20
Answer Stats
Player Nb Last % Correct
Anthony Davis 1 2018
100%
Baron Davis 1 2005
100%
DeMarcus Cousins 3 2018
100%
Jrue Holiday 2 2020
100%
Lonzo Ball 4 2021
100%
Zion Williamson 2 2025
100%
Brandon Ingram 3 2024
67%
Chris Paul 11 2009
67%
Dejounte Murray 1 2025
67%
Derik Queen 2 2026
33%
Jamal Mashburn 2 2003
33%
Jarrett Jack 1 2012
33%
Rajon Rondo 2 2018
33%
Steven Adams 1 2021
33%
Tyreke Evans 2 2015
33%
Darren Collison 1 2010
0%
Elfrid Payton 6 2019
0%
Greivis Vásquez 1 2013
0%
Julius Randle 1 2018
0%
Tim Frazier 1 2016
0%
No matching quizzes found
Score Distribution
Percent of People with Each Score
Percentile by Number Answered
Your Score History
You have not taken this quiz since the last reset